| 000 | 00830nam a2200229Ia 4500 | ||
|---|---|---|---|
| 001 | 3084 | ||
| 003 | GE_BSU | ||
| 008 | 181216s||||||||xx |||||||||||||| ||und|| | ||
| 040 | _cGE_BSU | ||
| 080 | _a665.63(075.32) | ||
| 100 | _aФарамазов,С.А. | ||
| 245 | _aОборудование нефтеперерабатывающих заводов и его экспуалатация. | ||
| 245 | _bУчебное пособие для техникумов. | ||
| 245 | _cРед. Р.Е.Миневич. | ||
| 250 | _aИзд 2-ое, перераб. и доп. | ||
| 260 | _aМ. | ||
| 260 | _bХимия. | ||
| 260 | _c1984. | ||
| 300 | _a328 стр. с илл. 22 см. | ||
| 653 | _aОборудование нефтеперерабатывающих заводов и его экспуалатация. | ||
| 942 | _cBK | ||
| 999 |
_c37128 _d37128 |
||